Smaller U.S. Cities You May Know #1 - Statistics

General Stats
  • This quiz has been taken 19,735 times
  • The average score is 10 of 20
Answer Stats
Population Hint State Answer % Correct
44,482 Boston suburb known for its witch trials MA Salem
82%
7,103 Site of the deadliest battle of the Civil War PA Gettysburg
79%
26,446 Ernest Hemingway once lived in this southernmost city in the 48 contiguous states FL Key West
73%
8,082 The least populous state capital VT Montpelier
68%
32,701 Has five different zip codes including 90209 and 90213 CA Beverly Hills
66%
13,858 Where you'll find the intersection of Chocolate and Cocoa avenues PA Hershey
65%
7,000 Has possibly the most expensive real estate in the U.S., with the median single family home selling for over $10 million CO Aspen
64%
30,675 Shares its name with the Ivy League university located therein NJ Princeton
63%
10,755 People often mistakenly add the word "hole" to this town's name WY Jackson
61%
48,439 Did a UFO crash near here in 1947? We may never know. NM Roswell
60%
14,255 Former whaling center featured in many a dirty limerick MA Nantucket
49%
86,720 Minnesota's port on Lake Superior MN Duluth
47%
1,858 Home to the Baseball Hall of Fame NY Cooperstown
41%
3,701 The Iditarod sled dog race ends at this city on the Bering Sea AK Nome
41%
5,766 Its most famous resident is a groundhog PA Punxsutawney
38%
37,923 Where Elvis was born in 1935 MS Tupelo
35%
4,928 Northernmost city in the U.S. AK Utqiagvik
formerly Barrow
31%
37,348 Get court-martialed and you may end up in the military's only maximum security prison, located here KS Leavenworth
27%
3,335 Rainy city where "Twilight" was set WA Forks
25%
1,152 Wild Bill Hickok died in this Old West boomtown in the Black Hills SD Deadwood
21%
No matching quizzes found
Score Distribution
Percent of People with Each Score
Percentile by Number Answered
Your Score History
You have not taken this quiz